[Event "FIDE Chesscom Grand Swiss 2019"]
[Site "Douglas-Isle of Man"]
[Date "2019.10.12"]
[Round "3.31"]
[White "Le, Quang Liem"]
[Black "Deac, Bogdan-Daniel"]
[Result "1/2-1/2"]
[WhiteElo "2708"]
[BlackElo "2613"]
[Annotator "TA"]
[PlyCount "71"]
[EventDate "2019.10.10"]
[EventType "swiss"]
[EventCountry "GBR"]
[SourceTitle "playchess.com"]
[Source "ChessBase"]
[SourceQuality "1"]

{[%evp 21,71,14,17,11,19,20,23,14,10,13,23,21,17,19,5,11,29,22,50,15,14,16,12,13,15,22,20,-7,0,-4,0,0,0,0,0,0,0,0,0,0,0,0,0,0,0,0,0,0,0,0,0,0]} 1. e4 e5 2. Nf3 Nf6 3. Nxe5 d6 4. Nf3 Nxe4 5. d4 d5 6. Bd3 Bd6 7. O-O O-O 8. c4 c6 9. Nc3 Nxc3 10. bxc3 dxc4 11. Bxc4 Bf5 12. Bg5 {C42: Petroff Defence: 3 Nxe5 and unusual White 3rd moves} Qa5 13. d5 $146 {[#] dxc6 is the strong threat.} ({Predecessor:} 13. Nh4 Be6 14. Bxe6 Qxg5 15. Nf3 Qd8 16. Bb3 Nd7 17. Re1 g6 18. g3 Kg7 19. Qd3 Nf6 {1-0 (51) Giri,A (2776)-Caruana,F (2822) Baden-Baden 2018}) 13... Be4 {[%cal Rc6d5]} 14. dxc6 {White has an edge.} Bxf3 15. Qxf3 Nxc6 16. Bd5 Ne5 17. Qe4 Rae8 18. Rad1 b5 19. Bb3 Nc4 20. Qb7 (20. Qh4 $5 {[%cal Rb3c4]} Qc7 21. Bxc4 bxc4 22. Be3 $11) 20... Re6 {The position is equal.} 21. Rd5 {[#] Strongly threatening Bxc4.} Rb8 22. Qd7 Qc7 23. Qxc7 Bxc7 24. Bh4 h6 25. Rfd1 Rc6 26. Bg3 g6 27. Rd7 Rc8 28. Kf1 a5 29. a4 bxa4 30. Bxa4 Rc5 31. Bxc7 R8xc7 32. Rxc7 Rxc7 33. Bb3 Ne5 34. Rd5 Rxc3 35. Rxe5 {Threatens to win with Rb5.} Rxb3 36. Rxa5 {Accuracy: White = 83%, Black = 73%.} 1/2-1/2

[Event "FIDE Chesscom Grand Swiss 2019"]
[Site "Douglas-Isle of Man"]
[Date "2019.10.12"]
[Round "3.31"]
[White "Parligras, Mircea-Emilian"]
[Black "Ushenina, Anna"]
[Result "1-0"]
[WhiteElo "2629"]
[BlackElo "2431"]
[Annotator "RC"]
[PlyCount "121"]
[EventDate "2019.10.10"]
[EventType "swiss"]
[EventCountry "GBR"]
[SourceTitle "playchess.com"]
[Source "ChessBase"]
[SourceQuality "1"]
[TimeControl "40/6000+30:20/3000+30:900+30"]

1. Nf3 {[%emt 0:00:00]} Nf6 {[%emt 0:01:21]} 2. c4 {[%emt 0:00:00]} e6 {[%emt 0:00:20]} 3. Nc3 {[%emt 0:00:14]} d5 {[%emt 0:00:14]} 4. e3 {[%emt 0:00:23]} dxc4 {[%emt 0:01:18]} 5. Bxc4 {[%emt 0:00:08]} a6 {[%emt 0:00:14]} 6. O-O {[%emt 0:01:26]} c5 {[%emt 0:20:04]} 7. b3 {[%emt 0:03:41]} Nc6 {[%emt 0:15:41]} 8. Bb2 {[%emt 0:00:17]} Be7 {[%emt 0:02:58]} 9. Qc2 {[%emt 0:07:04]} b6 {[%emt 0:03:24]} 10. Rfd1 {[%emt 0:13:03]} Bb7 {[%emt 0:06:29]} 11. a3 {[%emt 0:07:05]} Rc8 {[%emt 0:05:42]} 12. Ne4 {[%emt 0:01:43]} Nxe4 {[%emt 0:13:15]} 13. Qxe4 {[%emt 0:00:38]} Na5 {[%emt 0:00:07]} 14. Qg4 {[%emt 0:07:21]} Bf6 {[%emt 0:02:20]} 15. Bxf6 {[%emt 0:01:41]} Qxf6 {[%emt 0:02:04]} 16. Be2 {[%emt 0:01:24]} Nc6 {[%emt 0:06:07]} 17. d4 {[%emt 0:11:55]} cxd4 {[%emt 0:00:36]} 18. Nxd4 {[%emt 0:00:05]} Ne5 {[%emt 0:02:01]} 19. Qf4 {[%emt 0:02:41]} Qxf4 {[%emt 0:08:26]} 20. exf4 {[%emt 0:00:07]} Nd7 {[%emt 0:01:16]} 21. a4 {[%emt 0:05:53]} Ke7 {[%emt 0:03:53]} 22. f5 {[%emt 0:09:43]} e5 {[%emt 0:06:24]} 23. f6+ {[%emt 0:00:43]} Kxf6 {[%emt 0:00:01]} 24. Nf5 {[%emt 0:00:09]} Rcd8 {[%emt 0:00:57]} 25. Nd6 {[%emt 0:00:59]} Ba8 {[%emt 0:00:46]} 26. Bxa6 {[%emt 0:02:35]} Nc5 {[%emt 0:00:25]} 27. Bc4 {[%emt 0:00:07]} Ne6 {[%emt 0:02:40]} 28. b4 {[%emt 0:12:55]} Rhf8 {[%emt 0:00:38]} 29. Bxe6 {[%emt 0:02:48]} Kxe6 {[%emt 0:00:19]} 30. Nc4 {[%emt 0:00:04]} b5 {[%emt 0:03:43]} 31. axb5 {[%emt 0:00:07]} Rxd1+ {[%emt 0:01:00]} 32. Rxd1 {[%emt 0:00:05]} Bd5 {[%emt 0:00:41]} 33. Nb6 {[%emt 0:02:17]} Bb3 {[%emt 0:00:09]} 34. Rd3 {[%emt 0:00:23]} Rb8 {[%emt 0:00:46]} 35. Nd7 {[%emt 0:00:47]} Bc4 {[%emt 0:00:22]} 36. Nxb8 {[%emt 0:01:24]} Bxd3 {[%emt 0:00:01]} 37. b6 {[%emt 0:00:08]} Be4 {[%emt 0:01:09]} 38. Na6 {[%emt 0:00:47]} Kd6 {[%emt 0:00:25]} 39. Nc5 {[%emt 0:00:43]} Bd5 {[%emt 0:00:11]} 40. f3 {[%emt 0:04:57]} f6 {[%emt 0:00:14]} 41. Kf2 {[%emt 0:51:09]} Kc6 {[%emt 0:05:16]} 42. b7 {[%emt 0:00:00]} Kc7 {[%emt 0:00:01]} 43. Ke3 {[%emt 0:00:00]} Bxb7 {[%emt 0:01:53]} 44. Ne6+ {[%emt 0:00:00]} Kd6 {[%emt 0:04:40]} 45. Nxg7 {[%emt 0:00:00]} Kd5 {[%emt 0:00:11]} 46. b5 {[%emt 0:00:00]} Kc5 {[%emt 0:00:55]} 47. g4 {[%emt 0:00:00]} Bc8 {[%emt 0:00:29]} 48. Ne8 {[%emt 0:00:00]} f5 {[%emt 0:00:07]} 49. g5 {[%emt 0:00:00]} Bd7 {[%emt 0:03:05]} 50. Nf6 {[%emt 0:00:00]} Bxb5 {[%emt 0:00:03]} 51. f4 {[%emt 0:00:00]} Kd6 {[%emt 0:01:00]} 52. Nxh7 {[%emt 0:00:00]} Ke6 {[%emt 0:00:33]} 53. h4 {[%emt 0:00:00]} e4 {[%emt 0:00:56]} 54. h5 {[%emt 0:00:00]} Kf7 {[%emt 0:00:14]} 55. Nf6 {[%emt 0:00:00]} Ba4 {[%emt 0:00:46]} 56. Kd4 {[%emt 0:00:00]} Bd1 {[%emt 0:00:30]} 57. h6 {[%emt 0:00:00]} Ba4 {[%emt 0:00:26]} 58. Nd5 {[%emt 0:00:00]} Bd7 {[%emt 0:01:15]} 59. Ne7 {[%emt 0:00:00]} Be6 {[%emt 0:01:39]} 60. g6+ {[%emt 0:00:00]} Kf6 {[%emt 0:00:51]} 61. g7 {[%emt 0:00:00]} 1-0

[Event "FIDE Chesscom Grand Swiss 2019"]
[Site "Douglas-Isle of Man"]
[Date "2019.10.12"]
[Round "3.32"]
[White "Akobian, Varuzhan"]
[Black "Rakotomaharo, Fy Antenaina"]
[Result "1-0"]
[WhiteElo "2625"]
[BlackElo "2428"]
[Annotator "RC"]
[PlyCount "83"]
[EventDate "2019.10.10"]
[EventType "swiss"]
[EventCountry "GBR"]
[SourceTitle "playchess.com"]
[Source "ChessBase"]
[SourceQuality "1"]
[TimeControl "40/6000+30:20/3000+30:900+30"]

1. Nf3 {[%emt 0:01:42]} c5 {[%emt 0:00:00]} 2. c4 {[%emt 0:01:03]} Nf6 {[%emt 0:03:18]} 3. Nc3 {[%emt 0:00:40]} Nc6 {[%emt 0:00:45]} 4. d4 {[%emt 0:03:02]} cxd4 {[%emt 0:03:56]} 5. Nxd4 {[%emt 0:00:49]} g6 {[%emt 0:00:05]} 6. Nc2 {[%emt 0:02:16]} Bg7 {[%emt 0:00:20]} 7. e4 {[%emt 0:00:06]} d6 {[%emt 0:00:10]} 8. Be2 {[%emt 0:00:11]} O-O {[%emt 0:00:06]} 9. O-O {[%emt 0:00:04]} Nd7 {[%emt 0:00:33]} 10. Bd2 {[%emt 0:14:02]} Nc5 {[%emt 0:06:26]} 11. b4 {[%emt 0:02:22]} Bxc3 {[%emt 0:01:35]} 12. Bxc3 {[%emt 0:00:07]} Nxe4 {[%emt 0:00:03]} 13. Bb2 {[%emt 0:00:13]} Be6 {[%emt 0:02:14]} 14. Qc1 {[%emt 0:05:54]} f5 {[%emt 0:07:23]} 15. Qe3 {[%emt 0:22:31]} Bf7 {[%emt 0:09:24]} 16. f3 {[%emt 0:09:11]} Nf6 {[%emt 0:00:09]} 17. Rfd1 {[%emt 0:02:15]} Qc7 {[%emt 0:08:02]} 18. Rac1 {[%emt 0:01:40]} b6 {[%emt 0:11:13]} 19. a3 {[%emt 0:00:21]} Rac8 {[%emt 0:04:38]} 20. Qg5 {[%emt 0:01:29]} Be6 {[%emt 0:07:03]} 21. Ne3 {[%emt 0:03:17]} Ne5 {[%emt 0:00:48]} 22. Qf4 {[%emt 0:01:50]} Nh5 {[%emt 0:09:27]} 23. Qd4 {[%emt 0:00:23]} f4 {[%emt 0:00:03]} 24. Nd5 {[%emt 0:00:28]} Qb7 {[%emt 0:00:43]} 25. c5 {[%emt 0:10:36]} bxc5 {[%emt 0:25:47]} 26. bxc5 {[%emt 0:01:35]} Qxd5 {[%emt 0:01:24]} 27. Qxd5 {[%emt 0:00:10]} Bxd5 {[%emt 0:00:03]} 28. Rxd5 {[%emt 0:00:13]} Nf7 {[%emt 0:00:05]} 29. c6 {[%emt 0:18:43]} Rc7 {[%emt 0:00:05]} 30. Ra5 {[%emt 0:03:19]} e5 {[%emt 0:03:15]} 31. Ra6 {[%emt 0:00:42]} Rfc8 {[%emt 0:01:22]} 32. Bb5 {[%emt 0:00:26]} Nd8 {[%emt 0:03:41]} 33. a4 {[%emt 0:00:44]} Ng7 {[%emt 0:01:47]} 34. Ba3 {[%emt 0:00:28]} Nf5 {[%emt 0:00:06]} 35. Bb4 {[%emt 0:00:30]} Nd4 {[%emt 0:00:44]} 36. Bxd6 {[%emt 0:01:10]} Rxc6 {[%emt 0:00:07]} 37. Bxc6 {[%emt 0:00:25]} Ne2+ {[%emt 0:00:25]} 38. Kf1 {[%emt 0:00:08]} Nxc1 {[%emt 0:00:04]} 39. Bd5+ {[%emt 0:00:20]} Kg7 {[%emt 0:00:18]} 40. Bxe5+ {[%emt 0:00:48]} Kf8 {[%emt 0:00:01]} 41. Rxa7 {[%emt 0:51:48]} Nc6 {[%emt 0:50:17]} 42. Bg7+ {[%emt 0:00:51]} 1-0

[Event "FIDE Chesscom Grand Swiss 2019"]
[Site "Douglas-Isle of Man"]
[Date "2019.10.12"]
[Round "3.32"]
[White "Huschenbeth, Niclas"]
[Black "Xiong, Jeffery"]
[Result "1/2-1/2"]
[WhiteElo "2624"]
[BlackElo "2708"]
[Annotator "TA"]
[PlyCount "69"]
[EventDate "2019.10.10"]
[EventType "swiss"]
[EventCountry "GBR"]
[SourceTitle "playchess.com"]
[Source "ChessBase"]
[SourceQuality "1"]

{[%evp 14,69,26,18,41,22,46,50,44,47,52,43,51,49,47,28,22,29,55,77,222,228,272,310,304,0,0,0,0,0,0,0,0,0,0,0,0,0,0,0,0,0,0,0,0,0,0,0,0,0,0,0,0,0,0,0,0,0]} 1. e4 c6 2. d4 d5 3. Nd2 dxe4 4. Nxe4 Nf6 5. Nxf6+ exf6 6. c3 Bd6 7. Bd3 O-O 8. Qc2 Re8+ {B15: Caro-Kann: 3 Nc3: 3...g6 and 3...dxe4 4 Nxe4 Nf6 5 Nxf6+ exf6} 9. Ne2 h5 10. O-O h4 {White is slightly better.} 11. h3 Nd7 12. Be3 Nf8 13. Rad1 {[#]} Bd7 $146 ({Predecessor:} 13... Be6 14. c4 Rc8 15. Qa4 g5 16. d5 cxd5 17. cxd5 {0-1 (30) Burke,J (2562)-Liang,A (2592) Saint Louis 2019}) 14. Rfe1 Qc8 15. Nf4 Ne6 16. Nh5 Ng5 (16... Qc7 $16) 17. f4 $1 $18 {[%cal Rf4g5]} Nxh3+ 18. gxh3 Bxh3 {[#] ...Qg4+ is the strong threat.} 19. Qf2 $2 (19. Qh2 $1 $18) 19... Qg4+ $11 {The position is equal.} 20. Kh2 {Black must now prevent Nxf6+!} Rxe3 $1 21. Rxe3 Qxh5 ({Of course not} 21... Qxd1 $6 22. Be2 $16) 22. Rxh3 Qxd1 23. Qxh4 {[%csl Gh3][%cal Rh4h8]} Kf8 $1 24. Qh8+ {[#]} Ke7 $1 25. Re3+ {[#]} Kd7 $1 26. Qxa8 {[%mdl 64] Threatening mate with Qe8+. Double Attack} ({Don't blunder} 26. Bf5+ $2 {[#]} Kc7 $1 $19 {[%mdl 512]}) 26... Bxf4+ {[%mdl 64] Double Attack} 27. Kg2 {Intending Bf5+ and mate.} Qg4+ $1 (27... Bxe3 $2 {is the wrong capture.} 28. Qxb7+ Kd6 29. Qb4+ Ke6 30. Qc4+ Kd7 31. Qxf7+ Kd6 32. Qf8+ Ke6 33. Qe8+ Kd6 34. Qxe3 $18) 28. Kf1 {Qe8+ would kill now.} Bxe3 29. Qxb7+ Kd8 30. Qb8+ Kd7 31. Qxa7+ Ke8 32. Qb8+ Kd7 33. Qb7+ Kd8 34. Qb8+ Kd7 {( -> ...Qf3+)} 35. Qb7+ {Accuracy: White = 91%, Black = 62%.} 1/2-1/2

[Event "FIDE Chesscom Grand Swiss 2019"]
[Site "Douglas-Isle of Man"]
[Date "2019.10.12"]
[Round "3.33"]
[White "Shankland, Sam"]
[Black "Van Foreest, Jorden"]
[Result "1/2-1/2"]
[WhiteElo "2705"]
[BlackElo "2621"]
[Annotator "TA"]
[PlyCount "123"]
[EventDate "2019.10.10"]
[EventType "swiss"]
[EventCountry "GBR"]
[SourceTitle "playchess.com"]
[Source "ChessBase"]
[SourceQuality "1"]

{[%evp 9,123,30,60,34,38,32,45,20,44,38,37,36,40,27,34,39,38,16,35,25,39,0,0,0,-9,-17,-17,0,32,16,31,40,31,41,36,35,59,52,67,62,67,64,70,64,64,64,72,77,84,68,72,68,68,93,68,44,29,29,14,0,0,0,10,0,28,11,33,0,25,25,83,25,25,25,25,25,26,23,26,8,8,8,8,8,8,8,15,8,8,8,8,8,8,8,9,8,8,8,8,0,0,0,0,0,105,120,183,182,161,166,141,139,160,0,0,0]} 1. d4 Nf6 2. c4 g6 3. Nc3 Bg7 4. e4 d6 5. h3 e5 6. d5 {E71: King's Indian: 4 e4 d6 5 h3} a5 7. Bd3 (7. Be3 Na6 8. Nf3 O-O 9. g4 Nd7 10. Rg1 Ndc5 11. h4 Kh8 12. Qd2 Bd7 13. h5 gxh5 14. g5 f5 15. gxf6 Qxf6 16. Be2 Nb4 17. Ng5 {0-1 (48) Yankelevich,L (2480)-Saric,I (2660) Spilimbergo 2019}) 7... Na6 8. Nge2 {White is slightly better.} O-O 9. Bg5 c6 10. O-O Bd7 11. Ng3 $146 ({Predecessor:} 11. a3 Qb8 12. Rb1 Kh8 13. Qd2 Ng8 14. Ng3 Nc5 15. Bc2 cxd5 16. cxd5 {1-0 (60) Dziuba,M (2535)-Ponizil,C (2278) Ostrava 2009}) 11... h6 12. Be3 h5 13. Bg5 Qe8 14. Qd2 cxd5 15. cxd5 Nc5 16. Bc2 b5 {[%cal Bb7b5,Bb5b4][%mdl 32]} 17. Rfc1 b4 18. Nd1 Qb8 19. b3 Rc8 20. Nb2 Nh7 21. Be3 h4 22. Nh1 f5 23. f3 f4 24. Bf2 $1 Bf6 25. Bd1 Bd8 26. Kh2 Na6 27. Rxc8 Qxc8 28. Nc4 Qb8 29. Be2 Nf6 30. Bg1 g5 31. Nf2 Bb5 32. Nb2 Bd7 33. Nfd1 Bb6 34. Bxa6 Bxg1+ 35. Kxg1 Qb6+ 36. Nf2 {[#] Bf1 is the strong threat.} Rxa6 37. Nc4 Qa7 38. a4 Be8 39. Rc1 Nd7 (39... Qb8 $11 {keeps the balance.}) 40. Kf1 (40. Qc2 $16) 40... Qb8 $11 41. Nd3 Kf7 42. Ke1 Ke7 43. Kd1 Qa7 44. Kc2 Qb8 45. Kb2 Qa7 46. Ka2 Qb8 47. Qb2 Bf7 48. Rc2 Be8 49. Qc1 Kd8 50. Qe1 Ke7 51. Qd2 Qa7 52. Qc1 {Hoping for Ndxe5!} Qb8 $1 53. Ncb2 Kd8 $1 54. Rc6 Rxc6 55. Qxc6 {Strongly threatening Qa6.} Nb6 56. Nxe5 Ke7 (56... dxe5 $11 57. Qc5 Nd7 58. Qxa5+ Qb6 59. Qxb6+ Nxb6) 57. Nbd3 $16 Kf8 (57... dxe5 $16 {might work better.} 58. Qe6+ Kd8) 58. Qc1 $18 dxe5 59. Qc5+ {[%mdl 64] Double Attack} Kf7 60. Qxa5 Qc7 {[#]} 61. Nxb4 $2 (61. Nb2 $1 $16) 61... Bxa4 $11 62. bxa4 {Accuracy: White = 64%, Black = 68%.} 1/2-1/2

[Event "FIDE Chesscom Grand Swiss 2019"]
[Site "Douglas-Isle of Man"]
[Date "2019.10.12"]
[Round "3.33"]
[White "Rakhmanov, Aleksandr"]
[Black "Zatonskih, Anna"]
[Result "1-0"]
[WhiteElo "2621"]
[BlackElo "2422"]
[Annotator "RC"]
[PlyCount "105"]
[EventDate "2019.10.10"]
[EventType "swiss"]
[EventCountry "GBR"]
[SourceTitle "playchess.com"]
[Source "ChessBase"]
[SourceQuality "1"]
[TimeControl "40/6000+30:20/3000+30:900+30"]

1. d4 {[%emt 0:00:00]} d5 {[%emt 0:00:00]} 2. c4 {[%emt 0:00:00]} e6 {[%emt 0:00:00]} 3. Nc3 {[%emt 0:00:13]} Nf6 {[%emt 0:00:04]} 4. Nf3 {[%emt 0:02:20]} Be7 {[%emt 0:00:47]} 5. g3 {[%emt 0:00:25]} O-O {[%emt 0:17:03]} 6. Bg2 {[%emt 0:01:18]} b6 {[%emt 0:00:21]} 7. cxd5 {[%emt 0:04:45]} exd5 {[%emt 0:01:06]} 8. Ne5 {[%emt 0:07:15]} Bb7 {[%emt 0:02:53]} 9. O-O {[%emt 0:03:00]} c6 {[%emt 0:30:45]} 10. e4 {[%emt 0:15:59]} dxe4 {[%emt 0:00:20]} 11. Nxe4 {[%emt 0:01:43]} Nd5 {[%emt 0:00:19]} 12. Nc3 {[%emt 0:04:45]} Nxc3 {[%emt 0:01:15]} 13. bxc3 {[%emt 0:04:36]} Qc7 {[%emt 0:00:22]} 14. Re1 {[%emt 0:13:09]} Nd7 {[%emt 0:09:46]} 15. Nxc6 {[%emt 0:14:33]} Bxc6 {[%emt 0:02:52]} 16. d5 {[%emt 0:01:15]} Bxd5 {[%emt 0:16:43]} 17. Bf4 {[%emt 0:07:49]} Qc5 {[%emt 0:03:15]} 18. Qxd5 {[%emt 0:22:04]} Rad8 {[%emt 0:00:12]} 19. Rad1 {[%emt 0:02:27]} Nf6 {[%emt 0:04:51]} 20. Qxc5 {[%emt 0:00:17]} Bxc5 {[%emt 0:00:08]} 21. h3 {[%emt 0:01:56]} h6 {[%emt 0:01:50]} 22. g4 {[%emt 0:00:27]} Rxd1 {[%emt 0:03:19]} 23. Rxd1 {[%emt 0:00:02]} Re8 {[%emt 0:00:12]} 24. Kf1 {[%emt 0:00:17]} g5 {[%emt 0:00:49]} 25. Bc1 {[%emt 0:01:04]} Ne4 {[%emt 0:04:20]} 26. Re1 {[%emt 0:00:24]} Nd6 {[%emt 0:00:05]} 27. Rxe8+ {[%emt 0:00:15]} Nxe8 {[%emt 0:00:02]} 28. f4 {[%emt 0:00:12]} f6 {[%emt 0:00:25]} 29. Ke2 {[%emt 0:00:30]} Kf7 {[%emt 0:00:29]} 30. Bd2 {[%emt 0:00:44]} Nd6 {[%emt 0:01:20]} 31. Bd5+ {[%emt 0:00:07]} Ke7 {[%emt 0:00:57]} 32. c4 {[%emt 0:01:05]} Bd4 {[%emt 0:01:16]} 33. Kf3 {[%emt 0:00:18]} Bg1 {[%emt 0:05:07]} 34. Kg3 {[%emt 0:00:53]} Kf8 {[%emt 0:00:50]} 35. h4 {[%emt 0:00:27]} gxh4+ {[%emt 0:01:13]} 36. Kxh4 {[%emt 0:00:04]} f5 {[%emt 0:00:54]} 37. g5 {[%emt 0:00:37]} hxg5+ {[%emt 0:00:42]} 38. fxg5 {[%emt 0:00:07]} Ne4 {[%emt 0:01:11]} 39. Bf4 {[%emt 0:00:23]} Kg7 {[%emt 0:00:33]} 40. Kh5 {[%emt 0:00:23]} Bd4 {[%emt 0:00:28]} 41. Be6 {[%emt 0:06:13]} Nc3 {[%emt 0:05:30]} 42. a3 {[%emt 0:00:32]} Nb1 {[%emt 0:26:51]} 43. Bd6 {[%emt 0:08:17]} Bb2 {[%emt 0:04:29]} 44. a4 {[%emt 0:10:59]} Nd2 {[%emt 0:05:58]} 45. Bb8 {[%emt 0:09:30]} a5 {[%emt 0:01:19]} 46. Bf4 {[%emt 0:00:23]} Nf3 {[%emt 0:03:56]} 47. Bc7 {[%emt 0:06:48]} Bd4 {[%emt 0:00:46]} 48. Bxf5 {[%emt 0:00:12]} Ne5 {[%emt 0:01:54]} 49. Be6 {[%emt 0:03:02]} Kh7 {[%emt 0:02:19]} 50. c5 {[%emt 0:02:24]} bxc5 {[%emt 0:00:14]} 51. Bxa5 {[%emt 0:00:04]} Kg7 {[%emt 0:02:31]} 52. Bc7 {[%emt 0:02:10]} Nd3 {[%emt 0:00:34]} 53. a5 {[%emt 0:00:23]} 1-0

[Event "FIDE Chesscom Grand Swiss 2019"]
[Site "Douglas-Isle of Man"]
[Date "2019.10.12"]
[Round "3.34"]
[White "Dubov, Daniil"]
[Black "Narayanan.S.L"]
[Result "1/2-1/2"]
[WhiteElo "2699"]
[BlackElo "2611"]
[Annotator "TA"]
[PlyCount "100"]
[EventDate "2019.10.10"]
[EventType "swiss"]
[EventCountry "GBR"]
[SourceTitle "playchess.com"]
[Source "ChessBase"]
[SourceQuality "1"]

{[%evp 9,100,-14,25,-32,-25,-16,0,-28,13,5,16,8,18,0,7,1,22,-12,0,0,0,-54,-50,-60,-25,-44,-17,-29,-28,-18,-36,-35,-46,-16,-23,-42,-33,-43,-13,-71,-21,-66,-14,-15,-15,-15,2,0,0,0,0,0,0,0,0,0,56,40,56,0,0,0,0,0,0,0,0,0,0,0,0,0,0,0,0,0,0,0,0,0,0,0,4,0,0,0,0,0,0,0,0,0,0]} 1. Nf3 d5 2. d4 Nf6 3. c4 e6 4. Bg5 dxc4 5. e4 c5 (5... b5 6. a4 c6 7. Nc3 Qb6 8. Be2 Nbd7 9. d5 exd5 10. exd5 b4 11. dxc6 Qxc6 12. Nb5 Bc5 13. O-O Bb7 14. Nbd4 Qd5 15. Rc1 c3 16. bxc3 bxc3 17. Bxf6 Nxf6 {1-0 (32) Mamedyarov,S (2767)-Kasimdzhanov,R (2657) Khanty-Mansiysk 2019}) 6. Bxc4 {D30: Queen's Gambit Declined: Systems without Nc3} (6. Nc3 $11) 6... cxd4 $146 ({Predecessor:} 6... Be7 7. Nc3 cxd4 8. Bxf6 Bxf6 9. e5 dxc3 10. exf6 cxb2 11. Qxd8+ Kxd8 12. Rb1 gxf6 {0-1 (43) Carrion Mercado,M-Pruja Ramirez de Cartagena,E (1723) Llinars del Valles 2010}) 7. O-O Nc6 8. Re1 Be7 9. e5 Nd7 10. Bxe7 Qxe7 11. Nbd2 O-O 12. Rc1 Rd8 13. h4 Nc5 14. a3 a5 15. h5 (15. Bb5 $11) 15... b6 16. h6 g6 17. Bb5 Bb7 (17... Na7 $5 {[%cal Ra7b5]} 18. Bf1 d3 $11) 18. b4 axb4 19. Bxc6 $1 Bxc6 20. axb4 Ba4 21. Qe2 Nb3 {[#] ...d3 is the strong threat.} 22. Nxb3 Bxb3 23. Qd2 $1 Bd5 24. Ng5 (24. Nxd4 $11 Qh4 25. Rcd1) 24... Rd7 25. Ra1 Rb8 ({Black should try} 25... Rc8 $15 26. Rac1 Rcd8) 26. Ra3 Rc8 27. Rd3 Bb7 28. Rd1 Rc4 29. b5 f6 30. exf6 Qxf6 31. Re1 Bd5 32. Nf3 Bxf3 (32... Rc3 $11) 33. Rxf3 $14 Qe7 34. Rf4 (34. Qa2 $1 $14 Rdc7 35. Rf4) 34... Rd6 $11 {The position is equal.} 35. Rfe4 Qd7 36. Qa2 Qc8 37. R1e2 Rc1+ 38. Kh2 {[%cal Re4e6]} Qf8 39. Qd2 Rc5 {[#] Hoping for ...d3.} 40. Rxe6 Rxe6 41. Rxe6 {[%mdl 4096] Endgame KQR-KQR} Rh5+ $1 42. Kg1 Qxh6 ({But not} 42... Rxb5 $6 43. Re4 $16) 43. Qxh6 Rxh6 44. Rxb6 {KR-KR} Rh5 45. Rb8+ Kf7 46. b6 {Strongly threatening b7.} Rb5 47. Kf1 h5 48. Ke2 {Threatens to win with b7.} Rb3 49. Kd2 d3 50. b7 {And now Rh8 would win.} Kg7 $1 {Accuracy: White = 71%, Black = 60%.} 1/2-1/2

[Event "FIDE Chesscom Grand Swiss 2019"]
[Site "Douglas-Isle of Man"]
[Date "2019.10.12"]
[Round "3.34"]
[White "Hansen, Eric"]
[Black "Solomon, Kenny"]
[Result "1-0"]
[WhiteElo "2611"]
[BlackElo "2382"]
[Annotator "ChessBase"]
[PlyCount "135"]
[EventDate "2019.10.10"]
[EventType "swiss"]
[EventCountry "GBR"]
[SourceTitle "playchess.com"]
[Source "ChessBase"]
[SourceQuality "1"]
[TimeControl "40/6000+30:20/3000+30:900+30"]

1. e4 {[%emt 0:06:40]} e5 {[%emt 0:00:00]} 2. Nf3 {[%emt 0:00:21]} Nc6 {[%emt 0:00:00]} 3. Bc4 {[%emt 0:00:47]} Bc5 {[%emt 0:00:13]} 4. c3 {[%emt 0:00:05]} Nf6 {[%emt 0:00:05]} 5. d3 {[%emt 0:00:19]} d6 {[%emt 0:00:21]} 6. a4 {[%emt 0:02:43]} a6 {[%emt 0:00:08]} 7. O-O {[%emt 0:00:17]} Ba7 {[%emt 0:06:03]} 8. Re1 {[%emt 0:05:26]} O-O {[%emt 0:02:54]} 9. h3 {[%emt 0:04:01]} h6 {[%emt 0:01:11]} 10. Nbd2 {[%emt 0:07:27]} Re8 {[%emt 0:03:08]} 11. Nf1 {[%emt 0:23:49]} Be6 {[%emt 0:05:37]} 12. Bxe6 {[%emt 0:03:57]} Rxe6 {[%emt 0:00:50]} 13. Ng3 {[%emt 0:00:42]} d5 {[%emt 0:12:43]} 14. Qc2 {[%emt 0:04:22]} Qd7 {[%emt 0:09:36]} 15. b4 {[%emt 0:08:47]} Rae8 {[%emt 0:22:55]} 16. Qb3 {[%emt 0:12:58]} Ne7 {[%emt 0:06:11]} 17. Ra2 {[%emt 0:04:09]} Ng6 {[%emt 0:04:05]} 18. Nf5 {[%emt 0:05:16]} c6 {[%emt 0:04:42]} 19. c4 {[%emt 0:01:31]} Rd8 {[%emt 0:02:11]} 20. Rae2 {[%emt 0:03:41]} Ree8 {[%emt 0:03:09]} 21. c5 {[%emt 0:07:18]} Bb8 {[%emt 0:06:27]} 22. Qc2 {[%emt 0:00:18]} Nf4 {[%emt 0:04:11]} 23. Bxf4 {[%emt 0:00:25]} exf4 {[%emt 0:00:02]} 24. Qb2 {[%emt 0:05:57]} Nh5 {[%emt 0:07:55]} 25. Rd2 {[%emt 0:00:08]} Kh7 {[%emt 0:01:01]} 26. N5d4 {[%emt 0:00:56]} g6 {[%emt 0:02:33]} 27. e5 {[%emt 0:00:35]} Re7 {[%emt 0:00:42]} 28. Rde2 {[%emt 0:00:13]} Rde8 {[%emt 0:00:15]} 29. Qd2 {[%emt 0:00:44]} g5 {[%emt 0:00:33]} 30. e6 {[%emt 0:00:34]} fxe6 {[%emt 0:00:26]} 31. Ne5 {[%emt 0:00:01]} Bxe5 {[%emt 0:00:17]} 32. Rxe5 {[%emt 0:00:02]} Ng7 {[%emt 0:00:47]} 33. Qe2 {[%emt 0:00:08]} Rf7 {[%emt 0:02:27]} 34. h4 {[%emt 0:00:10]} gxh4 {[%emt 0:01:07]} 35. Qg4 {[%emt 0:00:04]} Qd8 {[%emt 0:01:03]} 36. Nf3 {[%emt 0:01:20]} Rg8 {[%emt 0:00:49]} 37. Qh3 {[%emt 0:01:19]} Qf6 {[%emt 0:01:03]} 38. d4 {[%emt 0:00:35]} Re8 {[%emt 0:00:45]} 39. Nxh4 {[%emt 0:00:03]} Rfe7 {[%emt 0:00:15]} 40. b5 {[%emt 0:01:17]} axb5 {[%emt 0:00:19]} 41. axb5 {[%emt 0:50:05]} Kg8 {[%emt 0:06:36]} 42. Kh2 {[%emt 0:00:00]} Ra8 {[%emt 0:04:25]} 43. Qg4 {[%emt 0:00:00]} Kh7 {[%emt 0:06:54]} 44. bxc6 {[%emt 0:00:00]} bxc6 {[%emt 0:00:05]} 45. Rb1 {[%emt 0:00:00]} Rg8 {[%emt 0:06:03]} 46. Qh3 {[%emt 0:00:00]} Rf7 {[%emt 0:08:43]} 47. Rbe1 {[%emt 0:00:00]} Re8 {[%emt 0:07:29]} 48. Nf3 {[%emt 0:00:00]} Kg8 {[%emt 0:00:48]} 49. Qg4 {[%emt 0:01:20]} Kh7 {[%emt 0:00:15]} 50. Qh3 {[%emt 0:01:35]} Kg8 {[%emt 0:00:05]} 51. Qg4 {[%emt 0:02:24]} Kh7 {[%emt 0:00:16]} 52. Kg1 {[%emt 0:00:23]} Rb7 {[%emt 0:04:09]} 53. Nh4 {[%emt 0:00:40]} Rb4 {[%emt 0:03:25]} 54. Nf3 {[%emt 0:00:13]} Rb7 {[%emt 0:00:52]} 55. R5e2 {[%emt 0:00:25]} Rg8 {[%emt 0:01:46]} 56. Qh3 {[%emt 0:00:23]} Re8 {[%emt 0:04:21]} 57. Ne5 {[%emt 0:00:18]} Rc7 {[%emt 0:01:08]} 58. Ng4 {[%emt 0:01:12]} Qg6 {[%emt 0:00:26]} 59. Ne5 {[%emt 0:00:35]} Qf5 {[%emt 0:00:29]} 60. Qf3 {[%emt 0:00:29]} Rb8 {[%emt 0:01:03]} 61. Nd3 {[%emt 0:07:17]} Rf7 {[%emt 0:00:10]} 62. Ne5 {[%emt 0:03:31]} Rc7 {[%emt 0:01:56]} 63. Qc3 {[%emt 0:03:10]} Nh5 {[%emt 0:03:42]} 64. Nf3 {[%emt 0:02:18]} Rg7 {[%emt 0:08:09]} 65. Rxe6 {[%emt 0:01:10]} Nf6 {[%emt 0:04:42]} 66. Nh4 {[%emt 0:00:21]} Qg5 {[%emt 0:00:31]} 67. Qh3 {[%emt 0:00:18]} Ne4 {[%emt 0:00:32]} 68. Nf3 {[%emt 0:00:13]} 1-0